الاحكام الطبية المتعلقة بالنساء في الفقه الاسلامي

Bibliographic Details
Main Author: منصور، محمد خالد (Author)
Format: Book
Language:Arabic
Published: Amman : Dar al-Nafa'is lil-Nashr wa-al-Tawzi` , 2004
Edition:الطبعة 2
Subjects:

MARC

LEADER 00000cam a2200000 7i4500
001 0000061349
005 20161106093000.0
008 090322s2004 jo ara
050 0 0 |a KBP526.32.M36   |b A33 2004 
090 0 0 |a KBP526.32.M36   |b A33 2004 
100 1 |a منصور، محمد خالد ,   |e author 
245 1 2 |a الاحكام الطبية المتعلقة بالنساء في الفقه الاسلامي   |c محمد خالد منصور 
250 |a الطبعة 2 
260 |a Amman :   |b Dar al-Nafa'is lil-Nashr wa-al-Tawzi` ,   |c 2004 
300 |a 247 p. ;   |c 24 cm. 
504 |a Includes bibliographical references (p. 233-242) 
650 0 |a Islamic law 
650 0 |a Islam   |x Customs and practices 
650 0 |a Medical laws and legislation (Islamic law) 
650 0 |a Muslim women   |x Conduct of life 
650 0 |a Women (Islamic law) 
740 0 2 |a Ahkam al-tibbiyah al-muta`alliqah bi-al-nisa' fi al-fiqh al-Islami 
999 |a 1000125052   |b Book   |c OPEN SHELF (30 DAYS)   |e Gong Badak Campus